00453nam a2200181 a 4500001001300000003000900013005001700022008004100039020000900080082001800089100002700107245001600134260003300150300000900183500003500192650001700227700002700244nice12345678IN_TiNIC20260116013003.0080207s1971 hyda grp 000 0 urd  ac1500a891.4396bKHA aKhan, Ghulam Mohd Omer aZikr-E-yaar aHyderabadbAdabi Trustc1971 a384p aincludes index and biblioraphy aUrdu-Letters1 aKhan, Ghulam Mohd Omer